Представление документа в формате MARC21

ПолеНазваниеЗначение
  Тип записи a
  Библиографический уровень m
001 Контрольный номер RU/URAIT/598553
005 Дата корректировки 20260429163620.6
008 Кодируемые данные 260429s2026 RU y f j 000 0 rus u
020 Индекс ISBN __
a ISBN 978-5-534-12061-5
c Цена, тираж 799.00
040 Источник каталогиз. __
a Служба первич. каталог. ИКО Юрайт
c Служба, преобразующая запись ИКО Юрайт
e Правила каталог. RCR
041 Код языка издания __
a Код языка текста rus
044 Код страны публикации __
a Код страны публикации RU
080 Индекс УДК __
a Индекс УДК 811.112.2(075.8)
084 Индекс другой классификации/Индекс ББК __
2 Источник индекса rubbk
a Индекс другой классификации/Индекс ББК 81.2Нем-923
100 Автор __
a Автор Ивлева Г. Г.
q Полное имя Ивлева Галина Гурьевна
245 Заглавие __
a Заглавие Справочник по грамматике немецкого языка
b Продолж. заглавия учебник для вузов
c Ответственность Г. Г. Ивлева.
250 Сведения об издании __
g испр. и доп
a Основные сведения об издании 2-е изд.
256 Характеристики компьютерного файла __
a Характеристики компьютерного файла Электрон. дан.
260 Выходные данные __
a Место издания Москва
b Издательство Юрайт
c Дата издания 2026
300 Физическое описание __
a Объем 163 с
440 Серия __
a Серия Высшее образование
500 Примечания __
a Примечание URL: https://urait.ru/bcode/598553 (дата обращения: 29.04.2026).
520 Аннотация __
a Аннотация В учебном пособии представлены теоретические основы немецкого языка, которые позволят студентам приобрести необходимые грамматические знания. Рассмотрены правила образования и употребления существительных, прилагательных, числительных, местоимений, глаголов, наречий, артиклей, предлогов, союзов, частиц. Представлен материал о членах предложения, разных видах предложений. Приведены языковые примеры с переводом на русский язык. Даны вспомогательные таблицы: соответствия звуков и букв, глаголов сильного и неправильного спряжения. Соответствует актуальным требованиям Федерального государственного образовательного стандарта высшего образования. Учебное пособие предназначено студентам бакалавриата высших учебных заведений, аспирантам и преподавателям, а также всем интересующимся.
538 Прим. о системных особенностях __
a Прим. о системных особенностях Режим доступа: Электронно-библиотечная система Юрайт, для авториз. пользователей
653 Ключевые слова __
a Ключевые слова Немецкий язык
653 Ключевые слова __
a Ключевые слова Языки и литература
653 Ключевые слова __
a Ключевые слова Немецкий язык
653 Ключевые слова __
a Ключевые слова Немецкий язык в сфере профессиональной коммуникации
653 Ключевые слова __
a Ключевые слова Современный учебник немецкого языка
653 Ключевые слова __
a Ключевые слова Практический курс немецкого языка
653 Ключевые слова __
a Ключевые слова Иностранный язык в профессиональной деятельности (немецкий)
653 Ключевые слова __
a Ключевые слова Немецкий язык в профессиональной деятельности
653 Ключевые слова __
a Ключевые слова Немецкий язык в профессиональной сфере
653 Ключевые слова __
a Ключевые слова Профессиональный немецкий язык
653 Ключевые слова __
a Ключевые слова Теоретический курс немецкого языка
653 Ключевые слова __
a Ключевые слова Иностранный язык (немецкий)
653 Ключевые слова __
a Ключевые слова Немецкий язык в профессиональной коммуникации
653 Ключевые слова __
a Ключевые слова Профессиональная коммуникация на немецком языке
653 Ключевые слова __
a Ключевые слова Немецкий язык для академических и научных целей
653 Ключевые слова __
a Ключевые слова Вводный курс второго иностранного языка (немецкий)
653 Ключевые слова __
a Ключевые слова Иностранный язык в профессиональной сфере (немецкий)
653 Ключевые слова __
a Ключевые слова Начальный уровень второго иностранного языка (немецкий)
653 Ключевые слова __
a Ключевые слова Повышенный уровень второго иностранного языка (немецкий)
653 Ключевые слова __
a Ключевые слова Практический курс второго иностранного языка (немецкий)
653 Ключевые слова __
a Ключевые слова Практический курс третьего иностранного языка (немецкий)
653 Ключевые слова __
a Ключевые слова Продвинутый уровень второго иностранного языка (немецкий)
653 Ключевые слова __
a Ключевые слова Средний уровень второго иностранного языка (немецкий)
653 Ключевые слова __
a Ключевые слова Второй иностранный язык (немецкий)
653 Ключевые слова __
a Ключевые слова Иностранный язык для научного профессионального общения (немецкий)
653 Ключевые слова __
a Ключевые слова Языковая коммуникация в профессиональной сфере (немецкий)
653 Ключевые слова __
a Ключевые слова Языковые коммуникации в профессиональной сфере (немецкий)
653 Ключевые слова __
a Ключевые слова Иностранный язык (немецкий язык)
653 Ключевые слова __
a Ключевые слова Практический курс современного немецкого языка
653 Ключевые слова __
a Ключевые слова Академический курс немецкого языка
653 Ключевые слова __
a Ключевые слова Базовый курс немецкого языка
653 Ключевые слова __
a Ключевые слова Второй иностранный (немецкий) язык
653 Ключевые слова __
a Ключевые слова Германские языки (немецкий)
653 Ключевые слова __
a Ключевые слова Иностранный (немецкий) язык
653 Ключевые слова __
a Ключевые слова Иностранный язык (немецкий) в профессиональной сфере
653 Ключевые слова __
a Ключевые слова Иностранный язык в профессиональной сфере (немецкий язык)
653 Ключевые слова __
a Ключевые слова Иностранный язык делового и профессионального общения (немецкий)
653 Ключевые слова __
a Ключевые слова Иностранный язык (немецкий, профессиональный)
653 Ключевые слова __
a Ключевые слова Современный немецкий язык
653 Ключевые слова __
a Ключевые слова Иностранный язык (немецкий) в профессиональной деятельности
653 Ключевые слова __
a Ключевые слова Иностранный язык (немецкий) в сфере профессиональной деятельности
653 Ключевые слова __
a Ключевые слова Иностранный язык в сфере профессиональной деятельности (немецкий)
653 Ключевые слова __
a Ключевые слова Практический курс иностранного языка (немецкий)
653 Ключевые слова __
a Ключевые слова Практический курс первого иностранного языка (немецкий язык)
653 Ключевые слова __
a Ключевые слова Иностранный язык (профессиональный, немецкий)
653 Ключевые слова __
a Ключевые слова Второй иностранный язык в сфере (немецкий)
653 Ключевые слова __
a Ключевые слова Иностранный язык (второй) немецкий
653 Ключевые слова __
a Ключевые слова Профессиональный иностранный язык (немецкий)
653 Ключевые слова __
a Ключевые слова Иностранный язык в сфере профессиональной коммуникации (Немецкий)
653 Ключевые слова __
a Ключевые слова Разговорный иностранный язык (немецкий)
653 Ключевые слова __
a Ключевые слова Теоретические основы немецкого языка
653 Ключевые слова __
a Ключевые слова Иностранный язык немецкий
653 Ключевые слова __
a Ключевые слова Теоретический и практический курс немецкого языка
856 Электронный адрес документа 40
n Местонахождение сервера Юрайт
g Электронная книга
q Тип электронного формата html
h Имя пользователя ЮРАЙТ
v Часы доступа к ресурсу 20271231
2 Способ доступа Показать документ
x Служебное примечание https://urait.ru/book/cover/4F29EF5B-935F-40C4-85C5-2567D1B6779C
u URL https://urait.ru/bcode/598553
856 Электронный адрес документа 48
q Тип электронного формата cover
u URL https://urait.ru/book/cover/4F29EF5B-935F-40C4-85C5-2567D1B6779C
911 __
u 0030=https://urait.ru/bcode/598553
911 __
u 073a=9785534120615
u 073d=799.00
911 __
u 106a=s
911 __
u 900l=
952 Тип литературы __
i Дисциплина Немецкий язык
952 Тип литературы __
i Дисциплина Немецкий язык в сфере профессиональной коммуникации
952 Тип литературы __
i Дисциплина Современный учебник немецкого языка
952 Тип литературы __
i Дисциплина Практический курс немецкого языка
952 Тип литературы __
i Дисциплина Иностранный язык в профессиональной деятельности (немецкий)
952 Тип литературы __
i Дисциплина Немецкий язык в профессиональной деятельности
952 Тип литературы __
i Дисциплина Немецкий язык в профессиональной сфере
952 Тип литературы __
i Дисциплина Профессиональный немецкий язык
952 Тип литературы __
i Дисциплина Теоретический курс немецкого языка
952 Тип литературы __
i Дисциплина Иностранный язык (немецкий)
952 Тип литературы __
i Дисциплина Немецкий язык в профессиональной коммуникации
952 Тип литературы __
i Дисциплина Профессиональная коммуникация на немецком языке
952 Тип литературы __
i Дисциплина Немецкий язык для академических и научных целей
952 Тип литературы __
i Дисциплина Вводный курс второго иностранного языка (немецкий)
952 Тип литературы __
i Дисциплина Иностранный язык в профессиональной сфере (немецкий)
952 Тип литературы __
i Дисциплина Начальный уровень второго иностранного языка (немецкий)
952 Тип литературы __
i Дисциплина Повышенный уровень второго иностранного языка (немецкий)
952 Тип литературы __
i Дисциплина Практический курс второго иностранного языка (немецкий)
952 Тип литературы __
i Дисциплина Практический курс третьего иностранного языка (немецкий)
952 Тип литературы __
i Дисциплина Продвинутый уровень второго иностранного языка (немецкий)
952 Тип литературы __
i Дисциплина Средний уровень второго иностранного языка (немецкий)
952 Тип литературы __
i Дисциплина Второй иностранный язык (немецкий)
952 Тип литературы __
i Дисциплина Иностранный язык для научного профессионального общения (немецкий)
952 Тип литературы __
i Дисциплина Языковая коммуникация в профессиональной сфере (немецкий)
952 Тип литературы __
i Дисциплина Языковые коммуникации в профессиональной сфере (немецкий)
952 Тип литературы __
i Дисциплина Иностранный язык (немецкий язык)
952 Тип литературы __
i Дисциплина Практический курс современного немецкого языка
952 Тип литературы __
i Дисциплина Академический курс немецкого языка
952 Тип литературы __
i Дисциплина Базовый курс немецкого языка
952 Тип литературы __
i Дисциплина Второй иностранный (немецкий) язык
952 Тип литературы __
i Дисциплина Германские языки (немецкий)
952 Тип литературы __
i Дисциплина Иностранный (немецкий) язык
952 Тип литературы __
i Дисциплина Иностранный язык (немецкий) в профессиональной сфере
952 Тип литературы __
i Дисциплина Иностранный язык в профессиональной сфере (немецкий язык)
952 Тип литературы __
i Дисциплина Иностранный язык делового и профессионального общения (немецкий)
952 Тип литературы __
i Дисциплина Иностранный язык (немецкий, профессиональный)
952 Тип литературы __
i Дисциплина Современный немецкий язык
952 Тип литературы __
i Дисциплина Иностранный язык (немецкий) в профессиональной деятельности
952 Тип литературы __
i Дисциплина Иностранный язык (немецкий) в сфере профессиональной деятельности
952 Тип литературы __
i Дисциплина Иностранный язык в сфере профессиональной деятельности (немецкий)
952 Тип литературы __
i Дисциплина Практический курс иностранного языка (немецкий)
952 Тип литературы __
i Дисциплина Практический курс первого иностранного языка (немецкий язык)
952 Тип литературы __
i Дисциплина Иностранный язык (профессиональный, немецкий)
952 Тип литературы __
i Дисциплина Второй иностранный язык в сфере (немецкий)
952 Тип литературы __
i Дисциплина Иностранный язык (второй) немецкий
952 Тип литературы __
i Дисциплина Профессиональный иностранный язык (немецкий)
952 Тип литературы __
i Дисциплина Иностранный язык в сфере профессиональной коммуникации (Немецкий)
952 Тип литературы __
i Дисциплина Разговорный иностранный язык (немецкий)
952 Тип литературы __
i Дисциплина Теоретические основы немецкого языка
952 Тип литературы __
i Дисциплина Иностранный язык немецкий
952 Тип литературы __
i Дисциплина Теоретический и практический курс немецкого языка